00864cam a2200253 i 450000100060000000300080000600500170001400800390003103500190007004000270008904100080011608200220012410000360014624500710018226000410025330000210029450000480031550000590036350400320042260000400045465000540049465000360054865000260058420580BD-RjUL20211209000602.0140301s1975 bg b 000 1 eng a(BD-RjUL)20642 aDLCcDLCdBD-RjULbeng aeng00a823.912bCHM 19751 aCaudhury, Serajul Islam,d1936-14aThe moral imagination of Joseph Conrad /cSerajul Islam Choudhury. aDacca :bUniversity of Dacca,c1975. a114 p. ;c23 cm. aRunning title: Moral imagination of Conrad. aBased on the author's thesis, University of Leicester. aBibliography: p. [109]-114.10aConrad, Joseph,d1857-1924xEthics. 0aDidactic fiction, EnglishxHistory and criticism. 0aMoral conditions in literature. 0aEthics in literature.